000 00704nas a2200229 4500
001 BR9100913
003 BR-BrBNA
005 20231205091928.0
007 ta
008 230509b bl.|||p| |||| 00| 00por d
040 _aBR-BrBNA
_bpor
_cBiblioteca Nacional de Agricultura
041 _a(Pt)
072 _aL01; C30
100 1 _aMattos, Z.P. de B.
100 1 _aDuarte, L.P.
245 1 _aOrcamento e analise da atividade suinocultura de ciclo completo
650 _aSUÍNOCULTURA
650 _aINFORMATICA
773 0 _tPesquisa Agropecuaria Brasileira (Brazil)
_xISSN 0100-204X
_g(Sep 1990), v. 25(9) p. 1323-1338
_wBR9100913
909 _a202311
_bLúcia
_c55
_dLúcia Elande
942 _2AGRIS
_n0
_cANA
999 _c128203
_d128203